Als joves de Catalunya / Jordi Pujol
ISBN:
84-297-2821-x
Descripción Física:
139 p. ; 20 cm
Colección:
Polítiques ; 4
MARC
| LEADER | 00000nam a2200000Ia 4500 | ||
|---|---|---|---|
| 001 | 22219 | ||
| 008 | 160829s1988 xx 000 0 cat d | ||
| 020 | |a 84-297-2821-x | ||
| 080 | |a M-6-297 | ||
| 100 | |a Pujol, Jordi, |d 1930- |9 36355 | ||
| 245 | |a Als joves de Catalunya / Jordi Pujol | ||
| 260 | |a Barcelona : |b La Magrana, Edicions 62, |c 1988 | ||
| 300 | |a 139 p. ; |c 20 cm | ||
| 490 | |a Polítiques ; 4 | ||
| 650 | |a Pujol, Jordi |x Discursos |9 31652 | ||
| 650 | 0 | |a Joventut |z Catalunya |9 18952 | |
| 901 | |a Arxiu | ||
| 942 | |n 1 | ||
| 952 | |0 0 |1 0 |4 0 |6 M6297 |7 1 |9 49085 |a Arxiu |b Arxiu |d 2016-12-01 |l 0 |o M-6-297 |p 22219 |r 2016-12-01 00:00:00 |w 2016-12-01 |y ARXIU | ||
| 999 | |c 52922 |d 52922 | ||